Statistics for Every TDS Enemies (Plushie DJ Update)

Click here to take the quiz!

General Stats

  • This quiz has been taken 17 times
  • The average score is 159 of 274

Answer Stats

Answer% Correct
A
100%
Normal
100%
B
90%
Breaker
80%
Breaker2
80%
Breaker3
80%
Breaker4
80%
C
80%
Fallen
80%
Fallen King
80%
Glitch
80%
Heavy
80%
Hidden
80%
Molten
80%
Molten Boss
80%
Mutated
80%
Mystery
80%
Mystery Boss
80%
Mystery Summoner
80%
Necromancer
80%
Necromancer
80%
Necromancer Boss
80%
Necromancer Boss
80%
Normal Boss
80%
Quick
80%
Shock
80%
Skeleton
80%
Slow
80%
Slow Boss
80%
Speedy
80%
Tank
80%
Abnormal
70%
Abnormal Boss
70%
Abomination
70%
Amalgamation
70%
Amalgamation
70%
Balloon
70%
Bolt
70%
Boomer
70%
Dark Necromancer
70%
Ducky
70%
Error
70%
Fallen Hero
70%
Fallen Hero
70%
Ghost
70%
Ghost
70%
Ghost
70%
Giant Boss
70%
Goo
70%
Goo
70%
Grave Digger
70%
Hefty
70%
Invisible
70%
Jack O' Bot
70%
Jaxe
70%
Jaxe
70%
Lead
70%
Lead Boss
70%
Molten Titan
70%
Monkey
70%
Mutated Boss
70%
Mutated Speedy
70%
Nuclear Fallen King
70%
Scout
70%
Shadow
70%
Shadow Boss
70%
Shotgunner
70%
Slime
70%
Slime
70%
Speedy Boss
70%
Strong
70%
Templar
70%
The Umbra
70%
Toxic
70%
Vampire
70%
Vampire
70%
Vampire
70%
Warden
70%
Wox the Fox
70%
Alien
60%
Bat
60%
Bat
60%
Bat
60%
Bones
60%
Bones
60%
Cart
60%
Circuit
60%
Circuit
60%
Commander
60%
Cool Ducky
60%
Creator
60%
Cursed Skeleton
60%
Ducky D00M
60%
Ducky D00M
60%
Eggroll
60%
Evil Ducky
60%
Fallen Guardian
60%
Fallen Titan
60%
Fat Ducky
60%
Fey Yoshida
60%
Fleshling
60%
Flying Ducky
60%
Frozen
60%
Frozen
60%
Frozen
60%
Gingerbread
60%
Gunslinger
60%
Hazard
60%
Hazmat
60%
Hidden Boss
60%
Imposter
60%
Krampus
60%
Lava
60%
Lead Balloon
60%
Lord Sinister
60%
Lunar Shard
60%
Mother Ducky
60%
Mummy
60%
Mummy
60%
Mummy
60%
Nuclear Monster
60%
P3NGU
60%
Radioactive
60%
Reanimated
60%
Reaper
60%
Reaper
60%
Rusher
60%
Rusher
60%
Scarecrow
60%
Scarecrow
60%
Solar Shard
60%
Split
60%
Spy Ducky
60%
Summoner Boss
60%
Swordmaster
60%
Undead
60%
Undead
60%
Void Reaver
60%
Wasted Boss
60%
Werewolf
60%
Witch
60%
Witch
60%
24 Karat
50%
Agent Ducky
50%
Balloon Kid
50%
Blighted
50%
Boomer 1
50%
Boomer 2
50%
Bruh
50%
Brute
50%
Bug
50%
Buried
50%
Burnt Gingerbread
50%
Carrier
50%
Cavalry
50%
Chained Boss
50%
Charge
50%
Clown
50%
Cobalt Guard
50%
Controlled
50%
Crystalite
50%
Cursed Knight
50%
Deep Freeze
50%
Deep Freeze
50%
Deep Freeze
50%
Demon
50%
Developer 1
50%
Developer 2
50%
Developer 3
50%
Ducky Unit
50%
Dust
50%
Ent
50%
Explosive Ducky
50%
Fallen Reaper
50%
Fallen Rusher
50%
Fallen Soul
50%
Fallen Swordmaster
50%
Frankenstein
50%
Frost Hero
50%
Frost Hero
50%
Frost Hero
50%
Frost Spirit
50%
Frost Tank
50%
Glitched Giant
50%
Golden
50%
Gold Guard
50%
Gold Titan
50%
Gravekeeper
50%
Grizzly
50%
Hallow Bones
50%
Hallow Guard
50%
Headless Jaxe
50%
Health Cultist
50%
Husk
50%
Knight
50%
Knight
50%
Lawnmower
50%
Long Ducky
50%
Lunar Servant
50%
Mechanical Rot
50%
Mega Slow
50%
Mimic Umbra
50%
Minigunner
50%
Necromancer 2
50%
Ninja
50%
Nuclear Guardian
50%
Operator Ducky
50%
Overgrowth
50%
Penumbras
50%
Present
50%
Raider 1
50%
Raider 2
50%
Raider Boss
50%
Rusted
50%
Shrike Crystal
50%
Shroogma
50%
Slow King
50%
Snowman
50%
Solar Servant
50%
Soul
50%
Soul Boss
50%
Soul Stealer
50%
Speedy King
50%
Splitter
50%
Strong Alien
50%
Strong Mummy
50%
Super Mystery
50%
Super Toxic
50%
Swamp Monster
50%
Swamp Thing
50%
Swarm
50%
Tank 2
50%
Tombstone
50%
Uber Mystery
50%
UFO
50%
Ultra Mystery
50%
Undead Miner
50%
Unknown
50%
Vindicator
50%
Witch Doctor
50%
Yeti
50%
Beehive
40%
Bunny
40%
Clanker
40%
Cold Mist
40%
Crying Angel
40%
Cursed Guard
40%
Cursed Horse
40%
Eggsplosive
40%
Flare
40%
Frost Invader
40%
Frost Mystery
40%
Frost Necromancer
40%
Frost Ravager
40%
Ghost Knight
40%
Hidden Zoomer
40%
Hunter
40%
Lunar Shield
40%
Mega Clanker
40%
Packed Ice
40%
Papa Bread
40%
Pike
40%
SCT
40%
Sir Hopsalot
40%
Snow Golem
40%
Snow Minion
40%
Snowy
40%
Stone Viking
40%
Sugrawr
40%
Unstable Ice
40%
Wraith
40%
Zombegg
40%
Zombie Horse
40%
Zoomer
40%

Score Distribution

Percentile by Number Answered

Percent of People with Each Score

Your Score History

You have not taken this quiz